Simpsons Store Names - Statistics

General Stats
  • This quiz has been taken 4 times
    2 since last reset
  • The average score is 6 of 18
Answers on the Grid
Answers color-coded by a green-red scale on the quiz's grid according to % correct below.
Turn Your Head and Coif (barbershop)
I Can't Believe It's a Law Firm!
Shot in the Face Photo Studios
It Blows: The Air Conditioner Store
Stern Lecture Plumbing
The Leftorium (left-handed products)
Toys Were Us
Monstromart
Costington's (department store)
The Vast Waistband
The Gilded Truffle
Try-n-Save
Donner's Party Supplies
The Perm Bank (hair salon)
Wee Monsieur (kids' clothing store)
The Drunk Paralegal Karaoke Supplier
Bloodbath & Beyond Gun Shop
Oedipus Rx (pharmacy)
Dharma & Grog (bar)
The Drunken Clam (bar)
Dead Format Records
Maxi Mart
Get In Get Out (fast food)
Shops at the Arboretum
Lamps Plus Plus
Tom's Rhinoplasty
Lady and the Clamp: Hardware for Her
The Massagynist: Massages for Men
Annie Get Your Gum (candy store)
Beast Buy
Halloween in January
The Lids Are All Right Storage Containers
 
Answer Stats
Answer % Correct
Costington's (department store)
100%
I Can't Believe It's a Law Firm!
100%
The Leftorium (left-handed products)
100%
Try-n-Save
100%
Bloodbath & Beyond Gun Shop
50%
Monstromart
50%
Wee Monsieur (kids' clothing store)
50%
Donner's Party Supplies
0%
It Blows: The Air Conditioner Store
0%
Oedipus Rx (pharmacy)
0%
Shot in the Face Photo Studios
0%
Stern Lecture Plumbing
0%
The Drunk Paralegal Karaoke Supplier
0%
The Gilded Truffle
0%
The Perm Bank (hair salon)
0%
The Vast Waistband
0%
Toys Were Us
0%
Turn Your Head and Coif (barbershop)
0%
No matching quizzes found
Score Distribution
Percent of People with Each Score
Percentile by Number Answered
Your Score History
You have not taken this quiz since the last reset